| 000 | 00339nam a2200133Ia 4500 | ||
|---|---|---|---|
| 005 | 20260328101449.0 | ||
| 008 | 260328s9999||||xx |||||||||||||| ||und|| | ||
| 100 | _aAgurto Calvo, Santiago | ||
| 245 | 0 |
_aLima Prehispánica / _cSantiago Agurto Calvo |
|
| 260 | _bMunicipalidad de Lima | ||
| 300 | _a177 p. | ||
| 650 | _aHISTORIA | ||
| 942 | _cBK | ||
| 999 |
_c8593 _d8593 |
||